| 000 | 01010nam1a22002411i 4500 | ||
|---|---|---|---|
| 001 | rc\4925864 | ||
| 005 | 20260407162603.0 | ||
| 035 | _a(NLR Aleph) 008943215 | ||
| 090 |
_a8958079 _c8958079 |
||
| 100 | _a20130426d1957 |||y0rusy50 ca | ||
| 101 | 0 | _arus | |
| 102 | _aRU | ||
| 105 | _ay z ||||| | ||
| 200 | 1 |
_aФестивальный сборник _fСост. оргком. Сталинского района по подготовке и проведению фестиваля. № 1- |
|
| 210 |
_a[Москва _cБ. и. _d1957] |
||
| 215 | _d20 | ||
| 300 | _aНа обл.: Фестиваль молодежи. Москва. 1957 | ||
| 606 |
_aМеждународные фестивали молодежи и студентов _z1957 _yМосква _2psbo |
||
| 712 | 1 | 2 |
_aВсемирный фестиваль молодежи и студентов _d6 _eМосква _f1957 _9703115 _3RU\NLR\AUTH\8810101070 |
| 801 | 0 |
_aRU _bNLR _gpsbo |
|
| 801 | 1 |
_aRU _bELAR _2rusmarc |
|
| 852 |
_aNLR _j57-4/3560 |
||
| 942 | _cBOOK | ||